=LDR 00000nam 2200000 4500 =001 INLIS000000000024485 =005 20200813093120 =035 ##$$a 0010-061300000024485 =008 200813################g##########0#ind## =041 ##$$a Ind =082 ##$$a 2X9.7 =090 ##$$a 2X9.7, Aqq b =100 1#$$a Aqqod, Abbas Mahmoud =245 1#$$a Bilal dan rasiolisme, /$c Abbas Mahmoed Aqqod =260 ##$$a Solo :$b Pustaka Mantiq,$c 1989 =300 ##$$a 179 hlm, ; $c 11 x 18 cm =650 #4$$a Biografi - Bilal =850 ##$$a NBPNMAT =084 ##$$a 2X9.7 AQQ b =250 ##$$a cet.1 =990 ##$$a 00044498 =990 ##$$a 00044499 =990 ##$$a DW00024660